| 000 | 02372nam a22003857a 4500 | ||
|---|---|---|---|
| 003 | CHAP | ||
| 005 | 20250224112107.0 | ||
| 008 | 110225s2010 mx r 00010 spa d | ||
| 035 | _a112235 | ||
| 040 | _cCHAP | ||
| 090 | _aTesis | ||
| 100 | 1 |
_aVergara Hernández, Héctor Paul. _9118886 |
|
| 245 | 1 |
_aSeroprevalencia de brucelosis caprina en 3 ejidos del municipio de Lerdo, Durango _c/por Héctor Paul Vergara Hernández |
|
| 264 |
_aBermejillo, Durango Méx. : _bEl autor, _c2010. |
||
| 502 |
_bIASAZA _cURUZA _d2010. |
||
| 520 | _aEl objetivo del presente estudio fue evaluar la prevalencia de brucelosis caprina en 10 hatos de 3 ejidos del municipio de Lerdo, Durango en el año 2010. Los ejidos considerados fueron los siguientes: Castilagua, San Isidro y Vicente Suárez, pertenecientes al municipio de Lerdo, Durango, México. Se obtuvieron en total 646 muestras de suero sanguíneo que fueron procesadas en el laboratorio de la Unidad Regional Universitaria de Zonas Áridas, mediante el método de Rosa de Bengala. Para el análisis de seroprevalencia se empleó el modelo estadístico Logit para variables cualitativas, mediante el procedimiento PROC CATMOD del paquete estadístico SAS. El ejido que mostro una seroprevalencia superior a la media (14.90%) fue el ejido San Isidro (16.67%); mientras que en los ejidos Castilagua y Vicente Suárez se obtuvo una seroprevalencia de 13.33% y 14.87% respectivamente. Se concluye que la seroprevalencia promedio que se obtuvo de los tres ejidos evaluados, está por debajo de la media de seroprevalencia nacional. | ||
| 590 |
_aALEPH _b10 _c20130110 |
||
| 590 |
_aBATCH-UPD _b10 _c20130110 |
||
| 590 |
_aBATCH-UPD _b10 _c20130410 |
||
| 590 |
_aBATCH-UPD _b10 _c20130914 |
||
| 590 |
_aBATCH-UPD _b10 _c20140324 |
||
| 590 |
_aBATCH-UPD _b10 _c20141002 |
||
| 590 |
_aCONVERSION _b10 _c20130109 |
||
| 650 | 1 | 4 |
_aBrucelosis. _915734 |
| 650 | 1 | 4 |
_aEjidos _xDurango. _936014 |
| 650 | 1 | 4 |
_aGanado cabrío _xDurango. _945004 |
| 650 | 1 | 4 |
_aSerodiagnóstico. _9105179 |
| 856 |
_uhttp://10.13.5.2/tesis/112235.pdf _zDESCARGAR PDF |
||
| 901 | _aBK | ||
| 942 |
_cTD _2cLAsificación Universidad Autónoma Chapingo |
||
| 949 |
_aTesis _bBC _cTES _d33724002237959 _eTS2 _fc.2 _gDonaciØn _h52013 _i112235 _st |
||
| 949 |
_aTesis _bBC _cTES _d33724002237991 _eTS1 _gDonaciØn _h52012 _i112235 _st |
||
| 999 |
_c100575 _d100575 |
||